| 000 | 00682nam a2200193 4500 | ||
|---|---|---|---|
| 003 | LK-CoMWRAF | ||
| 005 | 20231201102644.0 | ||
| 008 | 230902b2003 |||||||| |||| 00| 0 eng d | ||
| 020 | _a9558464341 | ||
| 040 |
_aLK-CoMWRAF _dLK-CoMWRAF _eLK-CoMWRAF |
||
| 041 | _asin | ||
| 082 |
_a891.483 _bDIA |
||
| 100 | _aඩයස්, සිඩ්නි මාකස් | ||
| 245 |
_aඔටුන්න හිමි කුමාරයා ; _bභාරත අන්දර 1 |
||
| 246 | _aOtunna himi kumaraya : Bharatha andara 1 | ||
| 260 |
_aආණමඩුව : _bතෝතැන්න ප්රකාශන, _c2003 |
||
| 650 | _aඉංදියානු ජනකතා | ||
| 942 | _cBK | ||
| 999 |
_c3371 _d3371 |
||